Městský marketing - koncepty, aplikace, kritická analýza
Koncepčné prístupy k mestskému marketingu. Presadzovanie marketingovej filozofie a marketingová koncepcia mesta. Marketingové chápanie mesta. Špecifiká a limity aplikácie vybraných prvkov marketingovej teórie v podmienkach miest. Trh mesta a segmentácia trhu. Nástroje marketingového mixu. Záujmové s...
Gespeichert in:
| 1. Verfasser: | |
|---|---|
| Format: | Buchkapitel |
| Sprache: | Tschechisch |
| Schlagworte: | |
| Tags: |
Keine Tags, Fügen Sie das erste Tag hinzu!
|
MARC
| LEADER | 00000naa a2200000 4500 | ||
|---|---|---|---|
| 001 | 0129214 | ||
| 005 | 20231208072014.0 | ||
| 041 | 0 | |a cze | |
| 044 | |a SK | ||
| 245 | 1 | 0 | |a Městský marketing - koncepty, aplikace, kritická analýza |c Jiří Ježek |
| 520 | |a Koncepčné prístupy k mestskému marketingu. Presadzovanie marketingovej filozofie a marketingová koncepcia mesta. Marketingové chápanie mesta. Špecifiká a limity aplikácie vybraných prvkov marketingovej teórie v podmienkach miest. Trh mesta a segmentácia trhu. Nástroje marketingového mixu. Záujmové skupiny a organizácia mestského marketingu. | ||
| 610 | 2 | 0 | |a marketing mestský |
| 610 | 2 | 0 | |a marketing mix |
| 610 | 2 | 0 | |a stratégia marketingová |
| 610 | 2 | 0 | |a trh |
| 610 | 2 | 0 | |a služby |
| 610 | 2 | 0 | |a mestá |
| 100 | 1 | |a Ježek, Jiří | |